Estadísticas para Países del Sahara

Haz click aquí para intentar la prueba.

Estadísticas generales

  • Esta prueba ha sido intentada 3.837 veces
  • La puntuación promedio es 9 de 10

Estadísticas de respuestas

País% Correcto
Marruecos
97%
Argelia
96%
Egipto
95%
Libia
94%
Sudán
91%
Túnez
91%
Chad
90%
Malí
89%
Mauritania
89%
Níger
88%

Distribución de puntuación

Porcentaje por número respondido

Porcentaje de gente con cada puntuación

Historial de tus puntuaciones

No has intentado esta prueba.